| 000 | 00744cab a2200205 4500 | ||
|---|---|---|---|
| 001 | ABS41732 | ||
| 008 | 090401t1989 xxu||||| |||| 00| 0 eng d | ||
| 035 | _a(Sirsi) u32103 | ||
| 041 | _aeng | ||
| 100 | _aBlyth, A. | ||
| 245 | _aSpecification `90; the story so far | ||
| 260 | _c1989 | ||
| 350 | _a0 | ||
| 490 |
_aArchitects` Journal _v190(18) 1 November 1989, 75-76(2) |
||
| 520 | _aTraces the history of the form of Specification which combines technical information, product information and model specification clauses for architects in one publication and reviews the latest edition Specification 90 . | ||
| 650 | _aBUILT ENVIRONMENT-BUILDING MATERIALS | ||
| 690 | _aPRACTICE AND TECHNIQUES | ||
| 942 | _n0 | ||
| 948 | _c04/03/1997 | ||
| 999 |
_c21546 _d21546 |
||